|
|
|
|
| LEADER |
02826nam a2200601 a 4500 |
| 001 |
nkc20051531290 |
| 003 |
CZ PrNK |
| 005 |
20060818110656.0 |
| 007 |
ta |
| 008 |
050531s2005 xr aceff 100 0 cze |
| 015 |
|
|
|a cnb001531290
|
| 020 |
|
|
|a 80-7040-762-X
|q (Jihočeská univerzita ;
|q brož.)
|
| 035 |
|
|
|a (OCoLC)85152534
|
| 040 |
|
|
|a BOA001
|b cze
|d ABA001
|
| 043 |
|
|
|a e-xr---
|
| 045 |
|
|
|a w9x-
|
| 072 |
|
7 |
|a 069
|x Muzea. Muzeologie. Muzejnictví. Výstavy
|2 Konspekt
|9 12
|
| 080 |
|
|
|a 069.9
|2 MRF
|
| 080 |
|
|
|a 061.4
|2 MRF
|
| 080 |
|
|
|a 316.72/.75-027.22
|2 MRF
|
| 080 |
|
|
|a 316.72/.75
|2 MRF
|
| 080 |
|
|
|a (437.3)
|2 MRF
|
| 080 |
|
|
|a (062.534)
|2 MRF
|
| 111 |
2 |
|
|a Čas výstavního ruchu (sympozium)
|d (2004 :
|c Kostelec nad Vltavou, Česko)
|7 kn20050919006
|
| 245 |
1 |
0 |
|a Čas výstavního ruchu :
|b studie a materiály : [z vědeckého sympozia ... konaného ve dnech 29.-30. května 2004 v Kostelci nad Vltavou v rámci třetího ročníku Zíbrtova Kostelce /
|c sestavily Dagmar Blümlová a Jitka Rauchová]
|
| 260 |
|
|
|a České Budějovice :
|b Jihočeská univerzita, Historický ústav ve spolupráci s NTP [i.e. Nová tiskárna Pelhřimov],
|c 2005
|
| 300 |
|
|
|a 253 s., [2 skládací plány] :
|b il., portréty, plány ;
|c 21 cm
|
| 490 |
1 |
|
|a Historia culturae ;
|v 5.
|a Studia ;
|v 4
|
| 500 |
|
|
|a 200 výt.
|
| 500 |
|
|
|a Pořadatel konference: Historický ústav Jihočeské univerzity v Českých Budějovicích
|
| 504 |
|
|
|a Obsahuje bibliografické odkazy
|
| 648 |
|
7 |
|a 19.-20. století
|7 ch757015
|2 czenas
|
| 650 |
0 |
7 |
|a výstavy
|7 ph116705
|z Česko
|y 19.-20. století
|2 czenas
|
| 650 |
0 |
7 |
|a výstavnictví
|7 ph127459
|z Česko
|y 19.-20. století
|2 czenas
|
| 650 |
0 |
7 |
|a kulturní život
|7 ph122030
|z Česko
|y 19.-20. století
|2 czenas
|
| 650 |
0 |
7 |
|a kultura a společnost
|7 ph122010
|z Česko
|y 19.-20. století
|2 czenas
|
| 650 |
0 |
9 |
|a exhibitions
|z Czechia
|y 19th-20th centuries
|2 eczenas
|
| 650 |
0 |
9 |
|a cultural life
|z Czechia
|y 19th-20th centuries
|2 eczenas
|
| 650 |
0 |
9 |
|a culture and society
|z Czechia
|y 19th-20th centuries
|2 eczenas
|
| 655 |
|
7 |
|a sborníky konferencí
|7 fd133333
|2 czenas
|
| 655 |
|
9 |
|a proceedings of conferences
|2 eczenas
|
| 700 |
1 |
|
|a Blümlová, Dagmar,
|d 1949-
|7 jn20000400203
|4 com
|
| 700 |
1 |
|
|a Máchalová, Jitka,
|d 1980-
|7 mzk2005286564
|4 com
|
| 710 |
2 |
|
|a Jihočeská univerzita.
|b Historický ústav
|7 kn20020403058
|
| 711 |
2 |
|
|a Zíbrtův Kostelec (akce)
|7 ko2005291376
|
| 830 |
|
0 |
|a Historia culturae.
|p Studia
|0 s
|
| 856 |
4 |
1 |
|u https://www.digitalniknihovna.cz/mzk/uuid/uuid:6daa76b0-9d61-11ed-97a2-5ef3fc9bb22f
|y Digitalizovaný dokument
|x NDK
|
| 910 |
2 |
|
|a BOA001
|b 2-1154.057
|
| 928 |
9 |
|
|a Nová tiskárna Pelhřimov
|
| 990 |
|
|
|a BK
|
| 995 |
|
|
|a 01
|
| 991 |
|
|
|b 200508
|c NOV
|
| 996 |
6 |
|
|b 2610253675
|c 2-1154.057
|l MZK
|r Sklad / do 1 hodiny
|n 3
|p p.v.
|w 000777314
|u 000010
|a 1
|e BOA001
|j MZK50
|s P
|